Houghton Mifflin lectura : (Record no. 29847)

MARC details
000 -LEADER
fixed length control field 01430nam a22003017a 4500
001 - CONTROL NUMBER
control field sjds
003 - CONTROL NUMBER IDENTIFIER
control field sjds
005 - DATE AND TIME OF LATEST TRANSACTION
control field 20240602194139.0
008 - FIXED-LENGTH DATA ELEMENTS--GENERAL INFORMATION
fixed length control field 240602b |||||||| |||| 00| 0 spa d
020 ## - INTERNATIONAL STANDARD BOOK NUMBER
International Standard Book Number 9780618238613
020 ## - INTERNATIONAL STANDARD BOOK NUMBER
International Standard Book Number 0618238611
040 ## - CATALOGING SOURCE
Transcribing agency sjds
100 1# - MAIN ENTRY--PERSONAL NAME
Personal name Cooper, J. David
245 ## - TITLE STATEMENT
Title Houghton Mifflin lectura :
Remainder of title Seamos amigos [Grade 1] /
Statement of responsibility, etc. J. David Cooper, John J. Pikulski, Patricia A. Ackerman, Katheryn H. Au, David Chard, Houghton Mifflin Company
246 ## - VARYING FORM OF TITLE
Title proper/short title Seamos amigos
260 ## - PUBLICATION, DISTRIBUTION, ETC. (IMPRINT)
Place of publication, distribution, etc. Boston, MA :
Name of publisher, distributor, etc. Houghton Mifflin,
Date of publication, distribution, etc. c2010
300 ## - PHYSICAL DESCRIPTION
Extent volumes :
Other physical details color illustrations ;
Dimensions 29 cm
500 ## - GENERAL NOTE
General note On cover subtitle: Seamos amigos <br/>
500 ## - GENERAL NOTE
General note Textbooks
520 ## - SUMMARY, ETC.
Summary, etc. A research-based program that delivers proven results and instills a lifelong love of reading in every student with high quality instructional and practice materials. Comprehensive instructional and planning tools provide lesson objectives and teaching language that focuses on instruction, practice, and application. Promotes reading skills in below level, on level, above level and for English language learners and provides a strong foundational literacy base at every level<br/>
521 ## - TARGET AUDIENCE NOTE
Source Grade 1.
700 1# - ADDED ENTRY--PERSONAL NAME
Personal name Pikulski, John J.
Relator term author
700 1# - ADDED ENTRY--PERSONAL NAME
Personal name Ackerman Patricia A.
Relator term author
700 1# - ADDED ENTRY--PERSONAL NAME
Personal name Au, Katheryn H.
Relator term author
700 1# - ADDED ENTRY--PERSONAL NAME
Personal name Chard, David
Relator term author
710 ## - ADDED ENTRY--CORPORATE NAME
Corporate name or jurisdiction name as entry element Houghton Mifflin Company
942 ## - ADDED ENTRY ELEMENTS (KOHA)
Koha item type Libro/Book
Holdings
Withdrawn status Lost status Damaged status Not for loan Home library Current library Date acquired Inventory number Total Checkouts Total Renewals Full call number Barcode Checked out Date last seen Date checked out Price effective from Koha item type
        San Juan Del Sur -- Mobile La Cuesta 02/06/2024 Inventory date: 10-2-25 4 1 JN 33014938 24/04/2026 20/03/2026 20/03/2026 02/06/2024 Libro/Book

Powered by Koha